Characters in Shakespeare's King Lear Quiz Stats

 Plays Quiz Updated Feb 21, 2020

Support Sporcle.
Go Orange.
Score 0/15 Timer 05:00
1 Play Today
Role Name or Title % Correct
King of BritainLear
98.7%
Youngest daughter of the KingCordelia
82.2%
Second daughter of the KingRegan
81.1%
Eldest daughter of the KingGoneril
78.7%
Illegitimate son of the preceding nobleEdmund
65.3%
A jester of the King's courtThe Fool
65.1%
Son of the preceding nobleEdgar
60.6%
A British nobleThe Earl of Gloucester
56.8%
Role Name or Title % Correct
A foreign monarch, later husband to the King's youngest daughterThe King of France
54.7%
A British noble, later disguised as a commonerThe Earl of Kent
48.4%
Husband to the King's second daughterThe Duke of Cornwall
48.1%
Husband to the King's eldest daughterThe Duke of Albany
47%
A foreign lord, suitor to the King's youngest daughterThe Duke of Burgundy
32.8%
A steward of the King's eldest daughterOswald
29.4%
A courtierCuran
10.8%

From the Vault

Flags by Number of Stars

by naqwerty3

A shining example of vexillology.
Remove Ads.
Support Sporcle.
Get the best of Sporcle when you Go Orange. This ad-free experience offers more features, more stats, and more fun while also helping to support Sporcle. Thank you for becoming a member.

Show Comments

Extras

Top Quizzes Today


Score Distribution

Your Account Isn't Verified!

In order to create a playlist on Sporcle, you need to verify the email address you used during registration. Go to your Sporcle Settings to finish the process.

Report this User

Report this user for behavior that violates our Community Guidelines.

Details: